Valparaíso: patrimonio, mercado y gobierno

Uloženo v:
Podrobná bibliografie
Hlavní autoři: Aravena, Pablo (Autor), Sobarzo, Mario (Autor)
Médium: Kniha
Jazyk:španělština
Vydáno: Santiago Escaparate 2009
Edice:Ensayo Norte/Sur
Témata:
Tagy: Přidat tag
Žádné tagy, Buďte první, kdo vytvoří štítek k tomuto záznamu!

MARC

LEADER 00000nam a2200000 a 4500
001 UCG1657
003 CL-VaPUC
008 100513e20090000CL |||||||||||||||||spa|d
020 |a 9567827787 
082 0 4 |a 901  |b ARA  |2 21 
100 0 |a Aravena, Pablo  |e author  |9 549653 
700 0 |a Sobarzo, Mario  |e author  |9 549654 
245 1 0 |a Valparaíso: patrimonio, mercado y gobierno 
300 |a 59 p 
942 |c BK 
945 |d 20100513 00:00:00  |a rbrito 
260 |a Santiago  |b Escaparate  |c 2009 
650 0 |a Filosofía de la historia  |9 265651 
583 |a last modification  |c 20100513 00:00:00  |k Rodrigo Vera 
490 0 |a Ensayo Norte/Sur 
999 |c 340959  |d 340957 
952 |0 0  |1 0  |4 0  |6 901_000000000000000_ARA_2009  |7 0  |8 A  |9 436133  |a BIBHIS  |b BIBHIS  |d 2019-11-22  |i 4673360  |o 901 ARA 2009  |p 4673360  |r 2025-01-20  |w 2019-11-22  |y BK  |k HIS